Missing Word: Britain's Best Movies Quiz Stats

 Plays Quiz Updated Sep 19, 2014

Challenge
Share
Tweet
Embed
Score 0/22 Timer 04:00
0 Plays Today
British Movie Missing Word % Correct
Lawrence of ____Arabia
98.3%
Four ____ and a FuneralWeddings
96.6%
A Clockwork ____Orange
96.3%
Chariots of ____Fire
95.9%
The ____ MontyFull
94.2%
The ____ on the River KwaiBridge
94.1%
A ____ with a ViewRoom
93.9%
A ____ Called WandaFish
93.8%
A ____ Day's NightHard
92.9%
The Crying ____Game
83.5%
____, Mr ChipsGoodbye
80%
British Movie Missing Word % Correct
The Remains of the ____Day
76.3%
Secrets & ____Lies
74.9%
The 39 ____Steps
73.1%
The ____ ShoesRed
62.2%
The Third ____Man
51.9%
The Ipcress ____File
50.2%
The ____ VanishesLady
47.7%
____ JonesTom
43.9%
____ NarcissusBlack
40.8%
The Draughtsman's ____Contract
11.9%
____ Voices, Still LivesDistant
6.8%

Today's Daily Dose

Missing Word
Hayao Miyazaki

Word Ladder
Florida

On This Day
December 13th II

You're not logged in!

Compare scores with friends on all Sporcle quizzes.
OR
Log In

You Might Also Like...

Show Comments

Extras

Top Quizzes Today


Score Distribution

Your Account Isn't Verified!

In order to create a playlist on Sporcle, you need to verify the email address you used during registration. Go to your Sporcle Settings to finish the process.

Report this User

Report this user for behavior that violates our Community Guidelines.

Details: